[Event "RUS-ch Blitz Men 2018"]
[Site "Sochi"]
[Date "2018.10.07"]
[Round "2"]
[White "Bocharov, Ivan"]
[Black "Shkurkin, Andrey"]
[Result "1-0"]
[WhiteElo "2563"]
[BlackElo "2201"]
[Annotator "TA"]
[PlyCount "79"]
[EventDate "2018.10.07"]
[EventType "swiss"]
[EventCountry "RUS"]
[SourceTitle "playchess.com"]
[Source "ChessBase"]
[SourceQuality "1"]

1. e4 c5 2. Nf3 g6 3. d4 cxd4 4. Nxd4 Bg7 5. c4 Nc6 6. Be3 Nf6 7. Nc3 O-O 8. f3 d6 9. Be2 Bd7 10. Rc1 Nxd4 11. Bxd4 Bc6 12. Qd2 Nd7 13. Be3 a5 14. O-O Nc5 15. b3 Qb6 16. Nd5 Bxd5 17. exd5 Qb4 18. Rc2 Rfc8 19. Kh1 b6 20. Qc1 Na6 21. f4 a4 22. Bd2 Qc5 23. Qe1 axb3 24. axb3 b5 25. f5 b4 26. Bg4 Rc7 27. fxg6 hxg6 28. Bg5 Qd4 29. h3 Nc5 30. Qxb4 Nd3 31. Qd2 Ra3 32. Be3 Qe4 33. Bf3 Qe5 34. Qxd3 Qg3 35. Bf2 Qf4 36. Qe3 Qf6 37. Bg4 Rb7 38. Qf3 Rbxb3 39. Qxf6 Bxf6 40. c5 1-0

[Event "RUS-ch Blitz Men 2018"]
[Site "Sochi"]
[Date "2018.10.07"]
[Round "2"]
[White "Bocharov, Dmitry"]
[Black "Shorin, Sergei"]
[Result "1-0"]
[WhiteElo "2557"]
[BlackElo "2215"]
[Annotator "TA"]
[PlyCount "53"]
[EventDate "2018.10.07"]
[EventType "swiss"]
[EventCountry "RUS"]
[SourceTitle "playchess.com"]
[Source "ChessBase"]
[SourceQuality "1"]

1. Nf3 e6 2. g3 g6 3. Bg2 Bg7 4. c4 c5 5. d4 cxd4 6. Nxd4 Nc6 7. Nb5 a6 8. Nd6+ Kf8 9. O-O Nf6 10. Nc3 Ne8 11. Nce4 h6 12. Bf4 e5 13. Be3 Kg8 14. c5 Qe7 15. Qd2 Kh7 16. Nxe8 Rxe8 17. Nd6 Rf8 18. b4 Nd8 19. Rfd1 Ne6 20. Nxc8 Raxc8 21. Qxd7 Qxd7 22. Rxd7 Rc7 23. Rxc7 Nxc7 24. Rd1 a5 25. Rd7 Na6 26. b5 Nb4 27. a4 1-0

[Event "RUS-ch Blitz Men 2018"]
[Site "Sochi"]
[Date "2018.10.07"]
[Round "2"]
[White "Sychev, Klementy"]
[Black "Linker, Mikhail"]
[Result "1-0"]
[WhiteElo "2534"]
[BlackElo "2269"]
[Annotator "TA"]
[PlyCount "59"]
[EventDate "2018.10.07"]
[EventType "swiss"]
[EventCountry "RUS"]
[SourceTitle "playchess.com"]
[Source "ChessBase"]
[SourceQuality "1"]

1. e4 c5 2. Nf3 d6 3. d4 cxd4 4. Nxd4 Nf6 5. Nc3 g6 6. Be3 Bg7 7. f3 Nc6 8. Qd2 O-O 9. g4 Nxd4 10. Bxd4 Be6 11. Nd5 Bxd5 12. exd5 Rc8 13. h4 Nd7 14. Bxg7 Kxg7 15. h5 Nf6 16. hxg6 fxg6 17. Bd3 Rc5 18. O-O-O Kf7 19. Qh6 Nxd5 20. Qxh7+ Ke8 21. Qxg6+ Kd7 22. Rhe1 Qa5 23. a3 Rxf3 24. Be4 Rxa3 25. Bf5+ Kc7 26. Rxe7+ Kb6 27. Qxd6+ Kb5 28. Rxb7+ Nb6 29. Bd3+ Kb4 30. Qd4+ 1-0

[Event "RUS-ch Blitz Men 2018"]
[Site "Sochi"]
[Date "2018.10.07"]
[Round "2"]
[White "Khanin, Semen"]
[Black "Dudin, Gleb"]
[Result "1-0"]
[WhiteElo "2510"]
[BlackElo "2178"]
[Annotator "TA"]
[PlyCount "65"]
[EventDate "2018.10.07"]
[EventType "swiss"]
[EventCountry "RUS"]
[SourceTitle "playchess.com"]
[Source "ChessBase"]
[SourceQuality "1"]

1. e4 e6 2. d4 d5 3. Bd3 c5 4. exd5 Qxd5 5. Nc3 Qd8 6. Nf3 Nf6 7. Bf4 Be7 8. dxc5 Bxc5 9. Qe2 O-O 10. O-O-O Qa5 11. g4 Nc6 12. g5 Nd5 13. Nxd5 exd5 14. a3 Bg4 15. Bd2 Qb6 16. Be3 Bxe3+ 17. fxe3 Ne5 18. Rdf1 Nxf3 19. Rxf3 Bxf3 20. Qxf3 Rae8 21. Kb1 Qxe3 22. Qxd5 Qe7 23. h4 g6 24. h5 Rd8 25. Qb5 a6 26. Qa5 Qd6 27. hxg6 fxg6 28. Qc3 Rd7 29. Bc4+ Rdf7 30. Rf1 Qe7 31. Rf6 Qe8 32. Ka2 Qe5 33. Qxe5 1-0

[Event "RUS-ch Blitz Men 2018"]
[Site "Sochi"]
[Date "2018.10.07"]
[Round "2"]
[White "Triapishko, Alexandr"]
[Black "Barsamian, Eduard"]
[Result "1-0"]
[WhiteElo "2508"]
[BlackElo "2232"]
[Annotator "ChessBase"]
[PlyCount "103"]
[EventDate "2018.10.07"]
[EventType "swiss"]
[EventCountry "RUS"]
[SourceTitle "playchess.com"]
[Source "ChessBase"]
[SourceQuality "1"]

1. Nf3 Nf6 2. g3 g6 3. b3 Bg7 4. Bb2 O-O 5. Bg2 d5 6. c4 c6 7. O-O Bf5 8. d4 Be4 9. Nc3 Nbd7 10. e3 Re8 11. Rc1 Rc8 12. Qe2 Nf8 13. Nxe4 Nxe4 14. a4 Qb6 15. Qc2 h6 16. Ba3 e6 17. Ne5 Nf6 18. Bc5 Qc7 19. Ba3 N6d7 20. Nd3 Qb8 21. a5 dxc4 22. bxc4 e5 23. dxe5 Nxe5 24. Rfd1 Rcd8 25. a6 bxa6 26. Nxe5 Qxe5 27. Bxc6 Rxd1+ 28. Rxd1 Rc8 29. Bd5 Ne6 30. Qe2 Nc5 31. Rb1 Qf5 32. e4 Qe5 33. Bb2 Qc7 34. Bxg7 Kxg7 35. Qb2+ Kg8 36. Qd4 Re8 37. f4 Qa5 38. e5 Qc7 39. h4 Kh7 40. Kg2 Qa5 41. Rb2 Qa3 42. Rf2 Rb8 43. Bxf7 Rb3 44. f5 Rxg3+ 45. Kh2 Rh3+ 46. Kg1 Qg3+ 47. Kf1 Rh1+ 48. Ke2 Nb3 49. Bxg6+ Kh8 50. Qd8+ Kg7 51. Qf6+ Kg8 52. Qf7+ 1-0

[Event "RUS-ch Blitz Men 2018"]
[Site "Sochi"]
[Date "2018.10.07"]
[Round "2"]
[White "Vastrukhin, Oleg"]
[Black "Gimadutdinov, Ilnur"]
[Result "1-0"]
[WhiteElo "2413"]
[BlackElo "2148"]
[Annotator "NA RC"]
[PlyCount "83"]
[EventDate "2018.10.07"]
[EventType "swiss"]
[EventCountry "RUS"]
[SourceTitle "playchess.com"]
[Source "ChessBase"]
[SourceQuality "1"]

1. g3 Nf6 2. Bg2 d5 3. Nf3 g6 4. O-O Bg7 5. d4 O-O 6. Nbd2 c5 7. dxc5 Na6 8. Nb3 Bg4 9. Ne5 Bf5 10. c4 e6 11. cxd5 exd5 12. Nd3 Rc8 13. Be3 Ng4 14. Bd4 Bxd4 15. Nxd4 Qf6 16. Nxf5 Qxf5 17. b4 Rfe8 18. Rc1 Nc7 19. h3 Nf6 20. e3 Re7 21. Nf4 Rce8 22. a4 a6 23. Qd3 Ne4 24. b5 g5 25. Ne2 axb5 26. axb5 Nxg3 27. Qxf5 Nxf5 28. b6 Na6 29. Bxd5 Nb4 30. Rfd1 Nxe3 31. fxe3 Rxe3 32. Bc4 Rxh3 33. Rd7 Rf3 34. Rf1 Rxf1+ 35. Kxf1 Re4 36. Bxf7+ Kf8 37. Rxb7 Re5 38. Bb3 Rxc5 39. Rxh7 Rb5 40. b7 Nd3 41. Rh8+ Kg7 42. b8=Q 1-0

[Event "RUS-ch Blitz Men 2018"]
[Site "Sochi"]
[Date "2018.10.07"]
[Round "2"]
[White "Dzhumagaliev, Yan"]
[Black "Daurbekov, Murad"]
[Result "1-0"]
[WhiteElo "2410"]
[BlackElo "2063"]
[Annotator "NA"]
[PlyCount "68"]
[EventDate "2018.10.07"]
[EventType "swiss"]
[EventCountry "RUS"]
[SourceTitle "playchess.com"]
[Source "ChessBase"]
[SourceQuality "1"]

1. d4 Nf6 2. c4 e6 3. Nf3 Bb4+ 4. Nbd2 b6 5. e3 Bb7 6. Bd3 O-O 7. O-O c5 8. a3 Bxd2 9. Bxd2 cxd4 10. exd4 d5 11. c5 Ne4 12. b4 bxc5 13. bxc5 Ba6 14. Bxa6 Nxa6 15. Qa4 Nb8 16. Bf4 Qd7 17. Qxd7 Nxd7 18. Rfc1 Rfc8 19. Rab1 f6 20. Rb7 Nf8 21. h3 g5 22. Bc7 Ng6 23. a4 Nf4 24. Bxf4 gxf4 25. a5 Rc6 26. Rcb1 Ra6 27. Re7 Rxa5 28. Rxe6 Ra2 29. Rc1 Kf7 30. Rc6 Rxf2 31. Rc7+ Ke6 32. Re1 Rc2 33. Rg7 a5 34. Rb1 Ra6 1-0

[Event "RUS-ch Blitz Men 2018"]
[Site "Sochi"]
[Date "2018.10.07"]
[Round "2"]
[White "Kalinin, Michail Borisovich"]
[Black "Sjugirov, Sanan"]
[Result "0-1"]
[WhiteElo "2380"]
[BlackElo "2654"]
[Annotator "TA"]
[PlyCount "139"]
[EventDate "2018.10.07"]
[EventType "swiss"]
[EventCountry "RUS"]
[SourceTitle "playchess.com"]
[Source "ChessBase"]
[SourceQuality "1"]

1. d4 Nf6 2. Nf3 g6 3. e3 Bg7 4. b3 c5 5. Bb2 cxd4 6. Nxd4 O-O 7. Be2 d5 8. Nd2 b6 9. c4 Bb7 10. O-O Nbd7 11. Rc1 Rc8 12. cxd5 Nxd5 13. a3 Rxc1 14. Qxc1 Qa8 15. Qa1 Nc5 16. N4f3 Bxb2 17. Qxb2 Rd8 18. Rc1 Qb8 19. b4 Ne6 20. h4 Nf6 21. Bc4 Qd6 22. Qb3 Bd5 23. Bxd5 Qxd5 24. Qxd5 Rxd5 25. Rc8+ Kg7 26. Ra8 Rd7 27. Kf1 Ng4 28. Ke2 Rc7 29. Ng5 Nxg5 30. hxg5 h6 31. gxh6+ Kxh6 32. a4 e6 33. a5 bxa5 34. bxa5 Kg7 35. a6 Nf6 36. Nb3 e5 37. Na5 Rc2+ 38. Kf3 Ra2 39. Nc6 e4+ 40. Kg3 Rxa6 41. Nd4 Ra5 42. f3 exf3 43. gxf3 Nd5 44. e4 Nb6 45. Rb8 Ra4 46. Nc6 Nc4 47. Rb7 a5 48. Nd8 Ne5 49. f4 Ra3+ 50. Kg2 Ra2+ 51. Kf1 Ng4 52. Rxf7+ Kg8 53. Ra7 Rf2+ 54. Ke1 Rxf4 55. Rxa5 Rxe4+ 56. Kf1 Ne3+ 57. Kf2 Nf5 58. Nc6 Kg7 59. Ne5 Kf6 60. Nf3 Re6 61. Ra8 Rb6 62. Rf8+ Kg7 63. Ra8 Rb2+ 64. Ke1 Ne3 65. Ra7+ Kf6 66. Ra5 Ng2+ 67. Kf1 Nf4 68. Ra6+ Kf5 69. Nd4+ Kg4 70. Ne6 0-1

[Event "RUS-ch Blitz Men 2018"]
[Site "Sochi"]
[Date "2018.10.07"]
[Round "2"]
[White "Tenikashvili, Georgij"]
[Black "Chigaev, Maksim"]
[Result "0-1"]
[WhiteElo "2361"]
[BlackElo "2599"]
[Annotator "ChessBase"]
[PlyCount "110"]
[EventDate "2018.10.07"]
[EventType "swiss"]
[EventCountry "RUS"]
[SourceTitle "playchess.com"]
[Source "ChessBase"]
[SourceQuality "1"]

1. d4 Nf6 2. c4 g6 3. Nc3 Bg7 4. Nf3 O-O 5. Bg5 d6 6. e3 c5 7. Be2 Nc6 8. d5 Na5 9. O-O h6 10. Bh4 g5 11. Bg3 Nh5 12. Qc2 Nxg3 13. hxg3 a6 14. a3 b5 15. cxb5 axb5 16. Bxb5 Rb8 17. a4 Bd7 18. Bxd7 Qxd7 19. Nb5 Qg4 20. e4 f5 21. exf5 Qxf5 22. Qxf5 Rxf5 23. Rad1 Bxb2 24. Rfe1 Rf7 25. Re6 Bg7 26. Nh2 h5 27. g4 h4 28. Nf3 Bf6 29. Kh2 Nc4 30. Rc1 Nb2 31. Nc3 Nd3 32. Rc2 Nxf2 33. Rxf2 Bxc3 34. Rg6+ Rg7 35. Rxg7+ Kxg7 36. Nxg5 Be5+ 37. Kh3 Rb3+ 38. Nf3 Bg3 39. Ra2 c4 40. Nxh4 Be5+ 41. Nf3 c3 42. Rc2 Rb2 43. Rc1 Bf4 44. Rxc3 Ra2 45. Rc4 Be3 46. Re4 Bc5 47. Rxe7+ Kf8 48. Re4 Ra3 49. Kh4 Rd3 50. Rf4+ Kg7 51. Rf5 Ra3 52. Ng5 Bb4 53. Ne6+ Kg6 54. Rf4 Be1+ 55. g3 Bxg3+ 0-1

[Event "RUS-ch Blitz Men 2018"]
[Site "Sochi"]
[Date "2018.10.07"]
[Round "2"]
[White "Rozhko, Dmitry"]
[Black "Morozevich, Alexander"]
[Result "0-1"]
[WhiteElo "2305"]
[BlackElo "2656"]
[Annotator "TA"]
[PlyCount "106"]
[EventDate "2018.10.07"]
[EventType "swiss"]
[EventCountry "RUS"]
[SourceTitle "playchess.com"]
[Source "ChessBase"]
[SourceQuality "1"]

1. d4 d5 2. Nf3 Bf5 3. Bf4 e6 4. e3 Bd6 5. Bxd6 Qxd6 6. c3 Nd7 7. Bd3 Bg4 8. Be2 Bxf3 9. Bxf3 Ngf6 10. Nd2 e5 11. O-O O-O 12. a4 a5 13. Qb3 c6 14. Qa3 Qc7 15. b4 Rfe8 16. Nb3 b6 17. bxa5 bxa5 18. Rab1 Reb8 19. Rb2 c5 20. dxc5 Nxc5 21. Nxc5 Rxb2 22. Qxb2 Qxc5 23. c4 Qxc4 24. Qxe5 Qxa4 25. Bxd5 Nxd5 26. Qxd5 Qe8 27. Ra1 a4 28. Ra3 g6 29. g3 h5 30. h4 Ra6 31. Qc4 Ra7 32. Qd4 Ra5 33. Qb4 Qa8 34. Qc4 Ra7 35. Qd4 Ra6 36. Qc4 Ra5 37. Qb4 Qa6 38. Qb8+ Kg7 39. Qb2+ Kh7 40. Qa2 Qe6 41. Qxe6 fxe6 42. Kf1 e5 43. Ke2 e4 44. Kd2 g5 45. hxg5 Kg6 46. Kc3 Kxg5 47. Kb4 Ra8 48. Rxa4 Rxa4+ 49. Kxa4 Kg4 50. Kb4 Kf3 51. Kc4 Kxf2 52. Kd4 Kf3 53. Ke5 Kxe3 0-1

[Event "RUS-ch Blitz Men 2018"]
[Site "Sochi"]
[Date "2018.10.07"]
[Round "2"]
[White "Orlinkov, Maxim L."]
[Black "Ponkratov, Pavel"]
[Result "0-1"]
[WhiteElo "2293"]
[BlackElo "2628"]
[Annotator "TA"]
[PlyCount "53"]
[EventDate "2018.10.07"]
[EventType "swiss"]
[EventCountry "RUS"]
[SourceTitle "playchess.com"]
[Source "ChessBase"]
[SourceQuality "1"]

1. Nf3 c5 2. b3 Nc6 3. Bb2 d5 4. e3 Nf6 5. Bb5 Bd7 6. O-O e6 7. d3 Bd6 8. Bxc6 Bxc6 9. Ne5 Rc8 10. Nd2 O-O 11. f4 Qe7 12. Rf3 d4 13. Nxc6 Rxc6 14. exd4 cxd4 15. Nc4 b5 16. Ne5 Rc7 17. Bxd4 Bc5 18. Bf2 Nd5 19. c4 Bxf2+ 20. Rxf2 Ne3 21. Qf3 Nf5 22. Re1 Qc5 23. Kh1 Rd8 24. g3 f6 25. Ng4 Rcd7 26. Rxe6 Nd4 27. Qe4 0-1

[Event "RUS-ch Blitz Men 2018"]
[Site "Sochi"]
[Date "2018.10.07"]
[Round "2"]
[White "Tsvetkov, Andrey"]
[Black "Savchenko, Boris"]
[Result "1/2-1/2"]
[WhiteElo "2264"]
[BlackElo "2562"]
[Annotator "ChessBase"]
[PlyCount "116"]
[EventDate "2018.10.07"]
[EventType "swiss"]
[EventCountry "RUS"]
[SourceTitle "playchess.com"]
[Source "ChessBase"]
[SourceQuality "1"]

1. d4 Nf6 2. c4 g6 3. Nc3 d5 4. cxd5 Nxd5 5. Na4 Nb6 6. e4 Bg7 7. Be3 O-O 8. Nf3 Bg4 9. Nc5 Qc8 10. Be2 Rd8 11. O-O Bxf3 12. Bxf3 Nc6 13. Nb3 Nxd4 14. Nxd4 c5 15. Nf5 gxf5 16. Qc2 fxe4 17. Bxe4 Nd5 18. Qxc5 Qe6 19. Bxd5 Rxd5 20. Qc2 Rc8 21. Qb3 b6 22. Rac1 Rcd8 23. h3 Be5 24. Qc2 Bb8 25. Rfe1 Qd6 26. g3 Rd3 27. Qc6 Qxc6 28. Rxc6 f6 29. Kg2 Be5 30. b3 Kf7 31. Rec1 Rg8 32. Bh6 Rg6 33. Be3 Bxg3 34. fxg3 Rxe3 35. g4 h5 36. Kf2 Rxh3 37. gxh5 Rh2+ 38. Kf3 Rxh5 39. Rc7 Rf5+ 40. Ke4 Re5+ 41. Kf4 a5 42. Rb7 Re6 43. Rh1 Rg2 44. Rh7+ Rg7 45. Rh2 Rd6 46. Re2 Ke8 47. Rb8+ Kd7 48. Rb7+ Kd8 49. Kf5 Rg5+ 50. Kf4 e5+ 51. Kf3 Rf5+ 52. Kg4 Rg5+ 53. Kf3 Rd3+ 54. Ke4 Rd4+ 55. Kf3 Rf4+ 56. Ke3 Rg3+ 57. Kd2 Rd4+ 58. Kc2 Rd6 1/2-1/2

[Event "RUS-ch Blitz Men 2018"]
[Site "Sochi"]
[Date "2018.10.07"]
[Round "2"]
[White "Cherenkov, Andrey"]
[Black "Maletin, Pavel"]
[Result "0-1"]
[WhiteElo "2226"]
[BlackElo "2586"]
[Annotator "TA"]
[PlyCount "60"]
[EventDate "2018.10.07"]
[EventType "swiss"]
[EventCountry "RUS"]
[SourceTitle "playchess.com"]
[Source "ChessBase"]
[SourceQuality "1"]

1. e4 c5 2. Nc3 d6 3. g3 Nc6 4. Bg2 g6 5. d3 Bg7 6. Be3 Rb8 7. Qd2 b5 8. a3 a5 9. Nge2 Nd4 10. Nc1 h5 11. h3 e6 12. Nd1 b4 13. axb4 axb4 14. c3 Nc6 15. O-O Nge7 16. f4 O-O 17. g4 hxg4 18. hxg4 f5 19. gxf5 gxf5 20. e5 bxc3 21. bxc3 dxe5 22. Bxc5 Rf6 23. d4 exd4 24. cxd4 Rg6 25. Ne2 Bb7 26. Rb1 Nxd4 27. Rxb7 Nxe2+ 28. Qxe2 Rxb7 29. Nf2 Rb2 30. Qe3 Qd5 0-1

[Event "RUS-ch Blitz Men 2018"]
[Site "Sochi"]
[Date "2018.10.07"]
[Round "2"]
[White "Indzhiev, Aldar"]
[Black "Matlakov, Maxim"]
[Result "0-1"]
[WhiteElo "2218"]
[BlackElo "2683"]
[Annotator "TA"]
[PlyCount "60"]
[EventDate "2018.10.07"]
[EventType "swiss"]
[EventCountry "RUS"]
[SourceTitle "playchess.com"]
[Source "ChessBase"]
[SourceQuality "1"]

1. d4 d6 2. Bg5 g6 3. e4 Bg7 4. Nc3 c6 5. f4 Qb6 6. e5 Qxb2 7. Nge2 Nh6 8. Rb1 Qa3 9. Qd2 Nf5 10. g4 h6 11. gxf5 hxg5 12. Rb3 Qa5 13. fxg6 fxg6 14. exd6 exd6 15. Ne4 Qxd2+ 16. Kxd2 O-O 17. Nxd6 Be6 18. Rxb7 gxf4 19. Rg1 Kh7 20. h4 Nd7 21. c3 Rfb8 22. Rxb8 Rxb8 23. Nxf4 Bh6 24. Rg5 Bxg5 25. hxg5 Bxa2 26. Bd3 Nf8 27. c4 a5 28. Ne4 a4 29. Nf6+ Kh8 30. Kc3 Bb1 0-1

[Event "RUS-ch Blitz Men 2018"]
[Site "Sochi"]
[Date "2018.10.07"]
[Round "2"]
[White "Shemyakin, Valeriy"]
[Black "Alekseenko, Kirill"]
[Result "0-1"]
[WhiteElo "2213"]
[BlackElo "2639"]
[Annotator "TA"]
[PlyCount "80"]
[EventDate "2018.10.07"]
[EventType "swiss"]
[EventCountry "RUS"]
[SourceTitle "playchess.com"]
[Source "ChessBase"]
[SourceQuality "1"]

1. d4 d5 2. c4 dxc4 3. Nf3 a6 4. a4 Nf6 5. e3 Bg4 6. Bxc4 e6 7. Nc3 Nc6 8. O-O Bd6 9. h3 Bh5 10. Be2 O-O 11. e4 Bxf3 12. Bxf3 Nxd4 13. Bg5 Be5 14. Be2 h6 15. Be3 Nxe2+ 16. Qxe2 Qe7 17. Qc4 Rfd8 18. f4 Bxc3 19. bxc3 Rd7 20. Bc5 Qe8 21. a5 Rad8 22. Rab1 Rd2 23. Be3 R2d3 24. Bd4 Rg3 25. Rxb7 Nxe4 26. Qxa6 Qa4 27. Qe2 f5 28. a6 c5 29. a7 cxd4 30. Rb8 Qxa7 31. Rxd8+ Kh7 32. cxd4 Qb6 33. Rd7 Nf6 34. Re7 Qxd4+ 35. Kh1 Re3 36. Qa2 Ne4 37. Kh2 Nd2 38. Rf2 Ne4 39. Rxe6 Nxf2 40. Rxe3 Qxe3 0-1

[Event "RUS-ch Blitz Men 2018"]
[Site "Sochi"]
[Date "2018.10.07"]
[Round "2"]
[White "Prokhorko, Mikhail"]
[Black "Iljiushenok, Ilia"]
[Result "0-1"]
[WhiteElo "2197"]
[BlackElo "2539"]
[Annotator "TA"]
[PlyCount "78"]
[EventDate "2018.10.07"]
[EventType "swiss"]
[EventCountry "RUS"]
[SourceTitle "playchess.com"]
[Source "ChessBase"]
[SourceQuality "1"]

1. d4 Nf6 2. Bf4 g6 3. e3 Bg7 4. Bc4 d6 5. h3 O-O 6. Nf3 Nbd7 7. c3 Qe8 8. Nbd2 e5 9. dxe5 dxe5 10. Bg3 Qe7 11. O-O b6 12. Qb3 Bb7 13. Rad1 Rad8 14. a3 h6 15. Rfe1 a6 16. Qc2 e4 17. Nd4 c5 18. Ne2 Ne5 19. Bxe5 Qxe5 20. Nf1 b5 21. Ba2 h5 22. a4 Bc6 23. axb5 axb5 24. Rxd8 Rxd8 25. Rd1 Ra8 26. Bb1 Qe7 27. Nfg3 h4 28. Nf1 Nd7 29. Nd2 f5 30. Nf4 Ne5 31. Qb3+ c4 32. Qc2 Qf7 33. b3 g5 34. Ne2 Nd3 35. bxc4 bxc4 36. Nd4 Bd5 37. Ba2 f4 38. Rb1 Be5 39. Nxe4 Bxe4 0-1

[Event "RUS-ch Blitz Men 2018"]
[Site "Sochi"]
[Date "2018.10.07"]
[Round "2"]
[White "Pashkov, Anatolij"]
[Black "Alekseev, Evgeny"]
[Result "0-1"]
[WhiteElo "2196"]
[BlackElo "2620"]
[Annotator "TA"]
[PlyCount "36"]
[EventDate "2018.10.07"]
[EventType "swiss"]
[EventCountry "RUS"]
[SourceTitle "playchess.com"]
[Source "ChessBase"]
[SourceQuality "1"]

1. e4 c5 2. Nf3 e6 3. d4 cxd4 4. c3 dxc3 5. Bc4 Nc6 6. O-O Nge7 7. Nxc3 a6 8. Qe2 Ng6 9. Bg5 Be7 10. Bxe7 Qxe7 11. Rac1 O-O 12. Rfd1 b5 13. Bb3 Bb7 14. a3 Rac8 15. Ba2 Rfd8 16. Qd2 d6 17. Bb1 Na5 18. Nxb5 Nb3 0-1

[Event "RUS-ch Blitz Men 2018"]
[Site "Sochi"]
[Date "2018.10.07"]
[Round "2"]
[White "Mnatsakanian, Arsen"]
[Black "Paravyan, David"]
[Result "0-1"]
[WhiteElo "2169"]
[BlackElo "2629"]
[Annotator "TA"]
[PlyCount "98"]
[EventDate "2018.10.07"]
[EventType "swiss"]
[EventCountry "RUS"]
[SourceTitle "playchess.com"]
[Source "ChessBase"]
[SourceQuality "1"]

1. e4 e5 2. Nf3 Nc6 3. Bc4 Bc5 4. d3 Nf6 5. O-O d6 6. c3 a6 7. Bb3 Ba7 8. h3 h6 9. Nbd2 Ne7 10. Re1 Ng6 11. Nf1 O-O 12. Ng3 Re8 13. d4 Bd7 14. Be3 exd4 15. Bxd4 Bc6 16. Bxa7 Rxa7 17. Bd5 Ra8 18. Bxc6 bxc6 19. Nd4 c5 20. Ndf5 a5 21. b3 Qd7 22. f3 Rab8 23. Qd2 Qc6 24. Nxg7 Re5 25. Qxh6 d5 26. N7f5 Ne8 27. exd5 Qf6 28. f4 Rxf5 29. Nxf5 Qxf5 30. c4 Nd6 31. Re3 Qxf4 32. Qxf4 Nxf4 33. Re7 Rc8 34. Rf1 Ng6 35. Re3 Kg7 36. g3 f6 37. h4 Ne5 38. a4 Rb8 39. Rf4 Kg6 40. g4 Rh8 41. Rh3 Kg7 42. Kg2 Ng6 43. Rf1 Nxh4+ 44. Kg3 Ne4+ 45. Kh2 Ng5 46. Rg3 Nf5+ 47. Kg2 Nxg3 48. Kxg3 Rh3+ 49. Kg2 Rxb3 0-1

[Event "RUS-ch Blitz Men 2018"]
[Site "Sochi"]
[Date "2018.10.07"]
[Round "2"]
[White "Okun, Evgeny"]
[Black "Demchenko, Anton"]
[Result "0-1"]
[WhiteElo "2163"]
[BlackElo "2679"]
[Annotator "TA"]
[PlyCount "80"]
[EventDate "2018.10.07"]
[EventType "swiss"]
[EventCountry "RUS"]
[SourceTitle "playchess.com"]
[Source "ChessBase"]
[SourceQuality "1"]

1. e4 c5 2. Nf3 d6 3. d4 cxd4 4. Nxd4 Nf6 5. Nc3 Nc6 6. g3 e6 7. Bg2 Bd7 8. Nde2 Be7 9. O-O O-O 10. h3 Rb8 11. a4 a6 12. b3 b5 13. axb5 axb5 14. Bb2 Qc7 15. f4 Rfd8 16. Kh2 b4 17. Na4 e5 18. g4 Be8 19. f5 d5 20. g5 Nxe4 21. f6 Bf8 22. Qe1 g6 23. Bxe4 dxe4 24. Ng3 Nd4 25. Bxd4 exd4 26. Qxe4 Bc6 27. Qd3 Bb5 28. Qf3 Bxf1 29. Rxf1 Qxc2+ 30. Rf2 Qc7 31. Kg2 d3 32. Ne4 Qe5 33. h4 Rd4 34. Ng3 Rxh4 35. Qxd3 Rg4 36. Re2 Qxg5 37. Nb2 h5 38. Kf2 Qf4+ 39. Qf3 Qc7 40. Qe3 Bc5 0-1

[Event "RUS-ch Blitz Men 2018"]
[Site "Sochi"]
[Date "2018.10.07"]
[Round "2"]
[White "Potapenko, Denis"]
[Black "Rozum, Ivan"]
[Result "0-1"]
[WhiteElo "2158"]
[BlackElo "2573"]
[Annotator "TA"]
[PlyCount "128"]
[EventDate "2018.10.07"]
[EventType "swiss"]
[EventCountry "RUS"]
[SourceTitle "playchess.com"]
[Source "ChessBase"]
[SourceQuality "1"]

1. d4 Nf6 2. Nc3 d5 3. Bg5 Nbd7 4. Nf3 h6 5. Bh4 e6 6. e4 g5 7. Bg3 Nxe4 8. Nxe4 dxe4 9. Nd2 f5 10. h4 f4 11. Bh2 Nf6 12. c3 Bg7 13. Bc4 Qe7 14. Qe2 Bd7 15. Nxe4 Nxe4 16. Qxe4 O-O-O 17. Ba6 c6 18. Bc4 Kb8 19. O-O-O Qf6 20. g3 Qf5 21. Bd3 Qxe4 22. Bxe4 e5 23. dxe5 Bxe5 24. gxf4 gxf4 25. Rhg1 Kc7 26. Rde1 Bd6 27. Rg6 Rdg8 28. Rxd6 Kxd6 29. Bxf4+ Kc5 30. Be3+ Kd6 31. Bf4+ Kc5 32. Be3+ Kd6 33. Bd4 Rf8 34. Bxh8 Rxh8 35. Rd1+ Ke7 36. Rg1 Rf8 37. f3 Rf4 38. h5 Rh4 39. Bg6 Be6 40. Re1 Kf6 41. Re4 Rxe4 42. fxe4 Bxa2 43. Kc2 Ke5 44. Kd3 Bb1+ 45. Ke3 c5 46. Be8 Bxe4 47. Bf7 Bf5 48. Be8 b6 49. Bf7 b5 50. Be8 b4 51. cxb4 cxb4 52. Bf7 a5 53. Be8 Be6 54. Ba4 Bf7 55. Bd1 Be8 56. Kd3 Bf7 57. Ke3 Kf5 58. Kd4 Kg5 59. Kc5 Bxh5 60. Ba4 Bf7 61. Kb6 b3 62. Kxa5 h5 63. Bc6 h4 64. Kb4 Kf4 0-1

[Event "RUS-ch Blitz Men 2018"]
[Site "Sochi"]
[Date "2018.10.07"]
[Round "2"]
[White "Pervakov, Sergey"]
[Black "Demidov, Mikhail"]
[Result "0-1"]
[WhiteElo "2098"]
[BlackElo "2514"]
[Annotator "TA"]
[PlyCount "72"]
[EventDate "2018.10.07"]
[EventType "swiss"]
[EventCountry "RUS"]
[SourceTitle "playchess.com"]
[Source "ChessBase"]
[SourceQuality "1"]

1. e4 Nf6 2. Nc3 d6 3. d4 g6 4. Nf3 Bg7 5. Be2 O-O 6. O-O Nc6 7. d5 Nb8 8. h3 e5 9. Be3 Nh5 10. Qd2 Nd7 11. Ne1 Nhf6 12. a4 a5 13. Nd3 b6 14. b4 axb4 15. Nxb4 Nc5 16. Bxc5 bxc5 17. Nc6 Qe8 18. Nb5 Qd7 19. a5 Nxe4 20. Qe3 f5 21. c4 h5 22. Ra3 Kh7 23. Bd3 Bh6 24. Qe2 Nf6 25. Bc2 e4 26. f3 Re8 27. fxe4 Nxe4 28. Bxe4 Rxe4 29. Qf3 Ba6 30. Ra2 Rae8 31. Qc3 Re3 32. Qf6 Bg7 33. Qg5 Qf7 34. Raf2 Bh6 35. Qh4 R3e4 36. Qg3 Rxc4 0-1

[Event "RUS-ch Blitz Men 2018"]
[Site "Sochi"]
[Date "2018.10.07"]
[Round "2"]
[White "Svinarev, Stanislav"]
[Black "Oparin, Grigoriy"]
[Result "0-1"]
[WhiteElo "2082"]
[BlackElo "2624"]
[Annotator "TA"]
[PlyCount "62"]
[EventDate "2018.10.07"]
[EventType "swiss"]
[EventCountry "RUS"]
[SourceTitle "playchess.com"]
[Source "ChessBase"]
[SourceQuality "1"]

1. d4 f5 2. Nf3 Nf6 3. g3 g6 4. Bg2 Bg7 5. O-O d6 6. c4 O-O 7. Nc3 c6 8. b3 Na6 9. Bb2 Qc7 10. a3 e5 11. dxe5 dxe5 12. e4 Nc5 13. Nd2 f4 14. b4 Nd3 15. Qc2 Nxb2 16. Qxb2 Be6 17. c5 g5 18. f3 g4 19. Rfd1 fxg3 20. hxg3 Nh5 21. fxg4 Bxg4 22. Rf1 Nxg3 23. Rxf8+ Rxf8 24. Nf1 Nh5 25. Qd2 Nf4 26. Nh2 Be6 27. Bf3 Qe7 28. Kh1 Kh8 29. Rg1 Rd8 30. Qf2 Qf6 31. Ne2 Nh3 0-1

[Event "RUS-ch Blitz Men 2018"]
[Site "Sochi"]
[Date "2018.10.07"]
[Round "2"]
[White "Kryzhanovskiy, Mikhail"]
[Black "Kezin, Roman"]
[Result "0-1"]
[WhiteElo "2064"]
[BlackElo "2471"]
[Annotator "ChessBase"]
[PlyCount "56"]
[EventDate "2018.10.07"]
[EventType "swiss"]
[EventCountry "RUS"]
[SourceTitle "playchess.com"]
[Source "ChessBase"]
[SourceQuality "1"]

1. e4 c5 2. Nf3 e6 3. d4 cxd4 4. Nxd4 Nc6 5. Nc3 Qc7 6. Be2 a6 7. Be3 Nf6 8. O-O Be7 9. Bf3 O-O 10. Qd2 d6 11. Rad1 Ne5 12. Rfe1 b5 13. b3 Bb7 14. Bg5 Rac8 15. Nce2 h6 16. Bh4 Nxf3+ 17. gxf3 Nxe4 18. fxe4 Bxh4 19. Ng3 Bf6 20. Rc1 Qc3 21. Qxc3 Rxc3 22. Nde2 Rc5 23. Nf4 Rfc8 24. Re2 Bg5 25. Nd3 Bxc1 26. Nxc1 Rxc2 27. Rxc2 Rxc2 28. Nd3 Rxa2 0-1